书目信息 |
| 题名: |
视觉艺术的初创
|
|
| 作者: | 肯普 主编 ;王笑晨 译 | |
| 分册: | ||
| 出版信息: | 北京 外语教学与研究出版社 2024.09 |
|
| 页数: | 251页 | |
| 开本: | 24cm | |
| 丛书名: | ||
| 单 册: | ||
| 中图分类: | K503 | |
| 科图分类: | ||
| 主题词: | 文艺复兴--研究--欧洲--中世纪 | |
| 电子资源: | ||
| ISBN: | 978-7-5213-5490-4 | |
| 000 | 01147nam0 2200265 450 | |
| 001 | 01230756 | |
| 005 | 20251022202336.59 | |
| 010 | @a978-7-5213-5490-4@dCNY108.00 | |
| 100 | @a20241008d2024 em y0chiy0120 ea | |
| 101 | 1 | @achi@ceng |
| 102 | @aCN@b110000 | |
| 105 | @aa z 001yy | |
| 106 | @ar | |
| 200 | 1 | @a视觉艺术的初创@9shi jue yi shu de chu chuang@e中世纪和文艺复兴@f(英)马丁·肯普主编@g王笑晨译 |
| 210 | @a北京@c外语教学与研究出版社@d2024.09 | |
| 215 | @a251页@c图,彩照@d24cm | |
| 300 | @a牛津西方艺术史 | |
| 330 | @a本书探索了从基督教艺术萌芽(罗马帝国东西分裂前的最后阶段)到罗马之劫(1527年)这一漫长时期的艺术发展历程,通过梳理和呈现艺术家创作时的时代语境展开论述。全书重点论述了祭坛装饰、泥金装饰手抄本、彩色玻璃和神圣艺术,还探讨了世俗艺术的逐渐崛,关注了大多数艺术史忽视的版画,强调了版画在艺术作品普及中的关键作用。 | |
| 517 | 1 | @a中世纪和文艺复兴@9zhong shi ji he wen yi fu xing |
| 606 | 0 | @a文艺复兴@x研究@y欧洲@z中世纪 |
| 690 | @aK503@v5 | |
| 701 | 1 | @c(英)@a肯普@9ken pu@g(Kemp, Martin)@f(1942-)@4主编 |
| 702 | 0 | @a王笑晨@9wang xiao chen@4译 |
| 801 | 0 | @aCN@c20250910 |
| 905 | @a河南城建学院图书馆@dK503@eK719@ZK719@f1 | |
| 视觉艺术的初创:中世纪和文艺复兴/(英)马丁·肯普主编/王笑晨译.-北京:外语教学与研究出版社,2024.09 |
| 251页:图,彩照;24cm |
| 牛津西方艺术史 |
| ISBN 978-7-5213-5490-4:CNY108.00 |
| 本书探索了从基督教艺术萌芽(罗马帝国东西分裂前的最后阶段)到罗马之劫(1527年)这一漫长时期的艺术发展历程,通过梳理和呈现艺术家创作时的时代语境展开论述。全书重点论述了祭坛装饰、泥金装饰手抄本、彩色玻璃和神圣艺术,还探讨了世俗艺术的逐渐崛,关注了大多数艺术史忽视的版画,强调了版画在艺术作品普及中的关键作用。 |
| ● |
| 相关链接 |
|
|
|
正题名:视觉艺术的初创
索取号:K503/K719
 
预约/预借
| 序号 | 登录号 | 条形码 | 馆藏地/架位号 | 状态 | 备注 |
| 1 | 1634377 | 216343776 | 社科库309/309社科库 40排3列4层/ [索取号:K503/K719] | 在馆 |